| 000 | 01146cam a22002054a 4500 | ||
|---|---|---|---|
| 005 | 20250605164008.0 | ||
| 008 | 250528s ||||||||||||||||||||||||d | ||
| 035 | _a15864 | ||
| 020 | _a79114652 | ||
| 040 |
_aGR-AtMCL _bgre _dGR-AtMCL _eAACR2 |
||
| 245 | 1 | _aGraphics Programming Solutions / For IBM PCs and Compatibles - VGA, SuperVGA, and XGA - Real-Time Animation - Bit-Mapped Graphics | |
| 260 |
_bMcgraw Hill, Inc, _c1993 |
||
| 300 | _a510 | ||
| 520 | _aThe fundamental tools required for developing quality, high-resolution graphics applications on VGA, XGA, and Super VGA systems. Introduction to Microcomputer Graphics, VGA Architecture, VGA Device Drivers, VGA Setup and Text and Bitmap Primitives, VGA Geometrical Primitives, The XGA and 8514/A Adapter Interface, XGA Architecture and Programming, Super VGA Programming, Animation, Bit-Mapped Graphics, Programming Graphics Hardcopy Devices, Installing the Software, Using the Library Software, IBM BIOS Data and Video Services, Bibliography, Index. | ||
| 700 | 1 |
_aCanton P. Maria _91885 |
|
| 700 | 1 |
_aSanchez Julio _91886 |
|
| 942 | _cBK | ||
| 999 |
_c1413 _d1413 |
||